Devine l'atome selon le symbole (#5) - Statistiques

Statistiques générales
  • Ce quiz a été pris 53 fois
  • Le résultat moyen est 4 sur 10
Statistiques - réponses
Symbole Atome % Correct
Mg Magnésium
96%
N Azote
89%
Si Silicium
79%
Sr Strontium
30%
Hf Hafnium
26%
Cm Curium
17%
Tc Technétium
17%
Es Einsteinium
15%
Nd Néodyme
15%
Lv Livermorium
13%
Aucun quiz correspondant
Distribution des résultats
% des personnes avec chaque résultat
Percentile par nombre de réponses
Votre historique - résultats
Vous n’avez pas pris ce quiz